[Event "Saint Affrique op 14th"]
[Site "Saint Affrique"]
[Date "2006.??.??"]
[Round "3"]
[White "Tanguy, Fabien"]
[Black "Comont, Nicolas"]
[Result "0-1"]
[WhiteElo "2081"]
[BlackElo "1874"]
[PlyCount "54"]
[EventDate "2006.07.21"]
[EventType "swiss"]
[EventRounds "9"]
[EventCountry "FRA"]
[SourceTitle "CBM 113 Extra"]
[Source "ChessBase"]
[SourceDate "2006.09.14"]
[SourceVersion "1"]
[SourceVersionDate "2006.09.14"]
[SourceQuality "1"]

1. c4 f5 2. Nc3 Nf6 3. d4 e6 4. Nf3 Be7 5. Bg5 0-0 6. e3 d5 7. Qb3 c6 8. Bd3 Ne4 9. Bxe7 Qxe7 10. Rc1 Nd7 11. 0-0 g5 12. Ne5 Nd2 13. Qc2 Nxf1 14. Rxf1 Nxe5 15. dxe5 dxc4 16. Bxc4 Qc5 17. Ne4 Qxe5 18. Nxg5 h6 19. Nh3 Rf7 20. Nf4 c5 21. Rd1 Bd7 22. Qb3 Re8 23. Rxd7 Rxd7 24. Bxe6+ Rxe6 25. Nxe6 c4 26. f4 cxb3 27. fxe5 bxa2 0-1